Cách giải bài toán nâng cao trong hình học họa hình

Αποθηκεύτηκε σε:
Λεπτομέρειες βιβλιογραφικής εγγραφής
Κύριος συγγραφέας: Phạm Văn Nhuần
Μορφή: Βιβλίο
Γλώσσα:Undetermined
Έκδοση: H. Giáo dục 2003
Θέματα:
Ετικέτες: Προσθήκη ετικέτας
Δεν υπάρχουν, Καταχωρήστε ετικέτα πρώτοι!
Thư viện lưu trữ: Trung tâm Học liệu Trường Đại học Cần Thơ
LEADER 00520nam a2200181Ia 4500
001 CTU_56763
008 210402s9999 xx 000 0 und d
020 |b 8000 
082 |a 516.6 
082 |b Nh502 
100 |a Phạm Văn Nhuần 
245 0 |a Cách giải bài toán nâng cao trong hình học họa hình 
245 0 |c Phạm Văn Nhuần 
260 |a H. 
260 |b Giáo dục 
260 |c 2003 
650 |a geometry, descriptive 
980 |a Trung tâm Học liệu Trường Đại học Cần Thơ